00591 a2200181 450000100060000002000180000604000220002410000190004624000290006524500240009430000070011836200090012565000230013494200070015795201140016495201140027899900170039264121 a9788564305243 cAnchieta - Pituba aLana, Débora10aA escolha de Biancalpor10aA escolha de Bianca a480 a2012 4aLiteratura juvenil cBK 00104070a91.1b91.1d2023-11-21l0oLJ 028.5 L242e LAN ESCp17748/PITr2023-11-21 18:32:32w2023-11-21yBK 00104070a91.1b91.1d2023-11-21l0oLJ 028.5 L242e LAN ESCp17749/PITr2023-11-21 18:32:32w2023-11-21yBK c64121d64121